Quizzes
Events
Quiz Creation
Community
Videos
Private Events
Remove Ads
Sign In
Join for FREE
Feedback
Dark Mode
Quiz Categories
Sports
Geography
Music
Movies
Television
Just For Fun
Miscellaneous
History
Literature
Language
Science
Gaming
Entertainment
Religion
Holiday
For Kids
Quiz Lab
Recent
Popular Today
Quiz Kudos Today
Editor Picks
Curator Picks
Quizzes by...
Day
Popularity
Type
Ratings
Length
Year
Community
Subscriptions
Recent Discussions
Orange Saloon
Badges
Playlists
Quests
Create
Leaderboards
Showdown
Live 5
Trivia Bingo
Activity
Puzzle Library
Sporcle Events
Private Events
Virtual Trivia
Globe League
Become a Host
Pub Owners
SporcleCon
Opinionation
Our Games
Videos
Blog
Mobile Apps
Partnerships
Remove Ads and Go Orange
Feedback
Music
Pop Music
The Beatles
Song
Album
Lyrics
Bands
Singers
Artist
Clip
Rock
Rap
Classical
Billboard
Country Music
Kpop
Taylor Swift
Music
Pop Music
The Beatles
Song
Album
Lyrics
Bands
Singers
Artist
Clip
Rock
Rap
Classical
Billboard
Country Music
Kpop
Taylor Swift
Random Quiz
Search Sporcle
×
Quiz Lab
Quiz Lab
Music
Bands
Type in answers that appear in a list
Type in answers that appear in a list
Classic
Best Score? Go Orange.
Death, Black and Thrash metal bands Stats
Can you name the Death, Black and Thrash metal bands?
By
jpm
6m
20 Questions
4,193 Plays
4,193 Plays
4,193 Plays
Comments
Comments
Give Quiz Kudos
Give Quiz Kudos
-
- Ratings
hide this ad
Replay
Link that replays current quiz
Next Quiz
Link to next quiz in quiz playlist
You Got
0%
They Got
Avg Score
50%
Avg Friend Score
Upgrade to see
Score Distribution
Jump to the score distribution portion of the page
Score
0/20
Timer
06:00
0
Plays Today
Albums
Band
% Correct
Eaten Back to Life, Vile, Kill
Cannibal Corpse
82.1%
Altars of Madness, Covenant, Domination
Morbid Angel
81.5%
Schizophrenia, Arise, Roots
Sepultura
77%
A Blaze in the Northern Sky, Transilvanian Hunger, Hate Them
Darkthrone
73.2%
Pleasure to Kill, Extreme Aggression, Coma of Souls
Kreator
71.5%
In the Nightside Eclipse, Anthems to the Welkin at Dusk, IX Equilibrium
Emperor
70.1%
Morbid Tales, To Mega Therion, Cold Lake
Celtic Frost
68.8%
Melissa, Don't Break the Oath, Time
Mercyful Fate
64.4%
In the Sign of Evil, Persecution Mania, Agent Orange
Sodom
63.2%
Left Hand Path, Clandestine, Inferno
Entombed
62.8%
Albums
Band
% Correct
The Principle of Evil Made Flesh, Dusk... and Her Embrace, Midian
Cradle of Filth
56.1%
Effigy of the Forgotten, Pierced from Within, Blood Oath
Suffocation
50.3%
Infernal Overkill, Eternal Devastation, The Antichrist
Destruction
39.6%
Bergtatt, Nattens Madrigal, Perdition City
Ulver
37%
Extreme Conditions..., Need to Control, Sounds of the Animal Kingdom
Brutal Truth
26.1%
Unchain the Wolves, Phoenix Rising, Defiance
Deströyer 666
25.1%
The Sun of Tiphareth, The Third Storm of Cythraul, Tara
Absu
22.5%
Infernal Battles, Kénôse, Fas -
Ite Maledicti in Ignem Aeternum
Deathspell Omega
19.7%
History of a Time to Come, Dreamweaver, Morning Has Broken
Sabbat
19.5%
Totem, Black Seed, Iconoclast
Nazxul
7%
Quiz Playlist
Details
Report
Send in Message
Add To Playlist
Classic:
Type in answers that appear in a list
Last Updated: Feb 20, 2017
Quiz Scoreboard
CHALLENGE
Sign Up to Join the Scoreboard
Show All
Scores
Hide
Comments
May contain spoilers
Recently Published
Street Fighter Characters
by Artimus82
Gaming
60s
9x9 Crossword: Cartoon Network
by jackfrog10
Miscellaneous
3m
College Basketball Coaching Resumes
by pancakes188
Sports
9m
More to Explore
Quiz From the Vault
Featured Blog Post
Where Did the Easter Bunny Come From?
hide this ad
You Might Also Like...
Tags
Album Quiz
Bands Quiz
black
death
metal
thrash
Today's Top Quizzes in Music
Browse Music
hide this ad
Today's Top Quizzes in Bands
Browse Bands
Top Contributed Quizzes in Music
1
Taylor Swift All Songs (2024)
2
Guess the Artist- 70s Songs
3
7-to-1: Billboard Hot 100 #1 Hits of 2010s
4
Taylor Swift Logic Puzzle
5
Sorting Albums and Songs
6
KPOP LOGIC QUIZ
7
Guess the Taylor Swift song (Mystery Song)
8
Guess The Taylor Swift Lyrics Song #1
9
Billboard Blitz: ABBA
10
Billboard Blitz: The Beatles
Explore More
Trending Topics
Crossword
Kpop
NBA
Harry Potter
Anime
Disney
Marvel
Song
Puzzle
Soccer
Country
NFL
Pokémon
WWE
The Office
hide this ad
More By:
jpm
Quiz
Plays
Rating
Category
Featured
Created
UEFA Teams of the Last 15 Years
168,934
4.38
Sports
Oct 25, 2009
French faux amis (false friends)
4,751
4.29
Language
Oct 14, 2009
Death, Black and Thrash metal bands
4,193
3.85
Music
Oct 15, 2009
Flags without red or blue
3,593
4.14
Geography
Oct 11, 2009
FA Premier League all-time stats leaders
2,193
4.40
Sports
May 11, 2010
Go to Creator's Profile
Score Distribution
Quiz Creator Spotlight
jpm
Follow
Send a Message
Quizzes Created
-
Created Quiz Play Count
-
More By This Creator
Popular Quizzes Today
1
Find the US States - No Outlines Minefield
2
Find the Countries of Europe - No Outlines Minefield
3
The Countries of the World
4
Find the US States
5
Risky Map Clicking: Biggest States A-Z
6
US States
7
Popular People in 1961
8
Movies - When Are They Set?
More Music Quizzes
Musicians: Bills, Billys and Billies
Published
Trending Quizzes
Risky Map Clicking: Least Populous States A-Z
1-10 Letter G Words
Risky Map Clicking: Next State Alphabetically
Adjectives in 80s TV Shows
The Seven Year Switch: Catherine
Recently Updated
Leaping Animals
pecheneg
Reality TV Shows (A-Z)
bhenderson79
Rickey Henderson's Hall of Fame Teammates
pecheneg
Champions League XIs: Arsenal
pecheneg
Quick Pick: Celebrities in WWE's Hall of Fame
aduchscher
A-Z Keypad Blitz II
pecheneg
Multiple Oscar Actors
pecheneg
Mystery Phrase Blitz: Oscar 'Best Actors'
pecheneg
F. Scott Fitzgerald Novels
LTH
Pick 3 Villains
ddd62291
Trending Topics
Kpop
Anime
Disney
Crossword
NBA
Marvel
Harry Potter
Pokémon
Country
Puzzle
The Office
NFL
Song
WWE
Soccer
Your Account Isn't Verified!
In order to create a playlist on Sporcle, you need to verify the email address you used during registration. Go to your
Sporcle Settings
to finish the process.
Report this User
Report this user for behavior that violates our
Community Guidelines
.
Details:
Send Report
Go to the Sporcle.com Mobile Site →
Comments